Intimate partner violence: race, social class and masculinity
Expressing race, social class, and masculinity through intimate partner violence -- Masculinity and other risk factors for intimate partner violence -- Researching intimate partner violence -- The microsystem level : the continuing influence of childhood socialization on adult masculinity -- The mes...
| Main Author: | |
|---|---|
| Format: | Print Book |
| Language: | English |
| Published: |
El Paso
LFB Scholarly Publ.
c 2009
|
| In: | Year: 2009 |
| Online Access: |
Table of Contents Blurb (Publisher) |
| Availability in Tübingen: | Present in Tübingen. UB: KB 20 A 4101 |
| Check availability: | HBZ Gateway |
| Subito Delivery Service: | Order now. |
| Keywords: |
MARC
| LEADER | 00000cam a2200000 c 4500 | ||
|---|---|---|---|
| 001 | 1622837363 | ||
| 003 | DE-627 | ||
| 005 | 20251225202558.0 | ||
| 007 | tu | ||
| 008 | 091020s2009 xxu||||| 00| ||eng c | ||
| 010 | |a 2009022773 | ||
| 020 | |a 9781593323738 |c hardcover : alk. paper |9 978-1-59332-373-8 | ||
| 035 | |a (DE-627)1622837363 | ||
| 035 | |a (DE-576)312089619 | ||
| 035 | |a (DE-599)BSZ312089619 | ||
| 035 | |a (OCoLC)698847296 | ||
| 040 | |a DE-627 |b ger |c DE-627 |e rakwb | ||
| 041 | |a eng | ||
| 044 | |c XD-US | ||
| 050 | 0 | |a HV6626 | |
| 082 | 0 | |a 362.8292 | |
| 100 | 1 | |a Mansley, Elizabeth A. |d 1978- |0 (DE-588)140256083 |0 (DE-627)703616587 |0 (DE-576)284057282 |4 aut | |
| 109 | |a Mansley, Elizabeth A. 1978- | ||
| 245 | 1 | 0 | |a Intimate partner violence |b race, social class and masculinity |c Elizabeth A. Mansley |
| 264 | 1 | |a El Paso |b LFB Scholarly Publ. |c c 2009 | |
| 300 | |a VII, 203 S. | ||
| 336 | |a Text |b txt |2 rdacontent | ||
| 337 | |a ohne Hilfsmittel zu benutzen |b n |2 rdamedia | ||
| 338 | |a Band |b nc |2 rdacarrier | ||
| 490 | 0 | |a Criminal justice: recent scholarship | |
| 500 | |a Includes bibliographical references and index | ||
| 520 | |a Expressing race, social class, and masculinity through intimate partner violence -- Masculinity and other risk factors for intimate partner violence -- Researching intimate partner violence -- The microsystem level : the continuing influence of childhood socialization on adult masculinity -- The mesosystem level : "masculinity and the double bind" performing gender in relationships -- The exosystem level : the impact of institutions on intimate partner violence -- The macrosystem level : using violence to establish and maintain masculinity -- Policy recommendations for developing culturally sensitive treatment programs | ||
| 583 | 1 | |a Archivierung prüfen |c 20200919 |f DE-640 |z 2 |2 pdager | |
| 650 | 0 | |a Intimate Partner Violence | |
| 650 | 0 | |a Masculinity | |
| 650 | 0 | |a Race |x Social aspects | |
| 689 | 0 | 0 | |d g |0 (DE-588)4078704-7 |0 (DE-627)106076612 |0 (DE-576)209209682 |a USA |2 gnd |
| 689 | 0 | 1 | |d s |0 (DE-588)4116433-7 |0 (DE-627)104219890 |0 (DE-576)209501537 |a Schwarze |2 gnd |
| 689 | 0 | 2 | |d s |0 (DE-588)4026924-3 |0 (DE-627)104340738 |0 (DE-576)208968520 |a Partnerschaft |2 gnd |
| 689 | 0 | 3 | |d s |0 (DE-588)4723056-3 |0 (DE-627)365816949 |0 (DE-576)21575591X |a Häusliche Gewalt |2 gnd |
| 689 | 0 | 4 | |d s |0 (DE-588)4123701-8 |0 (DE-627)104682345 |0 (DE-576)209561939 |a Männlichkeit |2 gnd |
| 689 | 0 | |5 (DE-627) | |
| 856 | 4 | 2 | |u https://swbplus.bsz-bw.de/bsz312089619inh.htm |m B:DE-576;DE-21 |q application/pdf |v 20100126103147 |x Verlag |3 Inhaltsverzeichnis |7 1 |
| 856 | 4 | 2 | |u https://swbplus.bsz-bw.de/bsz312089619kla.htm |m B:DE-576;DE-21 |q application/pdf |v 20100126103205 |x Verlag |3 Klappentext |7 1 |
| 951 | |a BO | ||
| ELC | |b 1 | ||
| LOK | |0 000 xxxxxcx a22 zn 4500 | ||
| LOK | |0 001 324773340X | ||
| LOK | |0 003 DE-627 | ||
| LOK | |0 004 1622837363 | ||
| LOK | |0 005 20100118160010 | ||
| LOK | |0 008 091020||||||||||||||||ger||||||| | ||
| LOK | |0 040 |a DE-21 |c DE-627 |d DE-21 | ||
| LOK | |0 852 |a DE-21 | ||
| LOK | |0 852 1 |c KB 20 A 4101 |9 00 | ||
| LOK | |0 935 |a krim | ||
| LOK | |0 936ln |a k10.10.2 | ||
| LOK | |0 938 |a 1001 |f 34 | ||
| LOK | |0 939 |a 20-10-09 |b l01 | ||
| ORI | |a SA-MARC-krimdoka001.raw | ||
| SIG | |a UB: KB 20 A 4101 | ||
